000 00581nam a2200193Ia 4500
008 101110s9999 xx 000 0 und d
041 _aENGLISH
082 _bSR22887
100 _aKishnadwalla V.H.
245 _aAccountancy and Financial Management - I F.Y.B.Com. Rev.Syllabus
365 _b125
520 _aCommerce
546 _aENGLISH
630 _aAccountancy and Financial Management - I F.Y.B.Com. Rev.Syllabus
650 _aCommerce
655 _aCommerce
730 _aAccountancy and Financial Management - I F.Y.B.Com. Rev.Syllabus
942 _cBOOK
999 _c815617
_d815614